<?xml version="1.0" encoding="UTF-8"?>
<marc:record xmlns:marc="http://www.loc.gov/MARC21/slim">
   <marc:leader>00000nam a2200000 a 4500</marc:leader>
   <marc:datafield ind1="1" ind2=" " tag="100">
      <marc:subfield code="a">Safier, David</marc:subfield>
      <marc:subfield code="4">aut</marc:subfield>
      <marc:subfield code="e">Verfasser/-in</marc:subfield>
   </marc:datafield>
   <marc:datafield ind1="0" ind2="0" tag="245">
      <marc:subfield code="a">28 Tage lang</marc:subfield>
   </marc:datafield>
   <marc:datafield ind1=" " ind2="1" tag="264">
      <marc:subfield code="b">Kindler</marc:subfield>
      <marc:subfield code="c">2014</marc:subfield>
   </marc:datafield>
   <marc:datafield ind1="1" ind2=" " tag="520">
      <marc:subfield code="a">Die sechzehnjährige Mira schmuggelt Lebensmittel, um im Warschauer Ghetto zu überleben. Als sie erfährt, dass die gesamte Ghettobevölkerung umgebracht werden soll, schließt sich Mira dem Widerstand an. Der kann die übermächtige SS länger trotzen als vermutet viel länger 28 Tage.</marc:subfield>
   </marc:datafield>
   <marc:datafield ind1=" " ind2=" " tag="020">
      <marc:subfield code="a">9783463406404</marc:subfield>
      <marc:subfield code="9">9783463406404</marc:subfield>
   </marc:datafield>
</marc:record>
